The ride of a lifetime : (Record no. 590790)

000 -LEADER
fixed length control field 04075cam a2200697 i 4500
001 - CONTROL NUMBER
control field 21723198
003 - CONTROL NUMBER IDENTIFIER
control field NUST
005 - DATE AND TIME OF LATEST TRANSACTION
control field 20220825125741.0
008 - FIXED-LENGTH DATA ELEMENTS--GENERAL INFORMATION
fixed length control field 200918t20192019nyuaf 001 0aeng d
010 ## - LIBRARY OF CONGRESS CONTROL NUMBER
LC control number 2020286101
020 ## - INTERNATIONAL STANDARD BOOK NUMBER
International Standard Book Number 9780399592096
Qualifying information (hardcover)
020 ## - INTERNATIONAL STANDARD BOOK NUMBER
International Standard Book Number 0399592091
Qualifying information (hardcover)
020 ## - INTERNATIONAL STANDARD BOOK NUMBER
Canceled/invalid ISBN 9781984801463
Qualifying information (international edition)
035 ## - SYSTEM CONTROL NUMBER
System control number (OCoLC)on1119538616
038 ## - RECORD CONTENT LICENSOR
Staff Name Azhar
040 ## - CATALOGING SOURCE
Original cataloging agency NjBwBT
Language of cataloging eng
Transcribing agency PNX
Description conventions rda
Modifying agency PNX
-- OCLCO
-- OMN
-- OCLCQ
-- UAP
-- JQW
-- VP@
-- ILC
-- JPL
-- JQM
-- OCLCF
-- NDS
-- TXSCH
-- OCLCA
-- IGP
-- ICW
-- OCL
-- UAB
-- CNCAR
-- OCLCO
-- IBI
-- YDX
-- XII
-- OCL
-- DLC
042 ## - AUTHENTICATION CODE
Authentication code lccopycat
043 ## - GEOGRAPHIC AREA CODE
Geographic area code n-us---
050 00 - LIBRARY OF CONGRESS CALL NUMBER
Classification number PN1998.3.I28
Item number A3 2019
082 04 - DEWEY DECIMAL CLASSIFICATION NUMBER
Classification number 658.4092
Edition number 23
Author Mark IGE
100 1# - MAIN ENTRY--PERSONAL NAME
Personal name Iger, Robert,
Relator term author.
9 (RLIN) 96569
245 14 - TITLE STATEMENT
Title The ride of a lifetime :
Remainder of title lessons learned from 15 years as CEO of the Walt Disney Company
Statement of responsibility, etc. Robert Iger.
246 30 - VARYING FORM OF TITLE
Title proper/short title Lessons learned from 15 years as CEO of the Walt Disney Company
250 ## - EDITION STATEMENT
Edition statement First edition.
260 ## - PUBLICATION, DISTRIBUTION, ETC.
Place of publication, distribution, etc. New York :
Name of publisher, distributor, etc. Random House, an imprint and division of Penguin Random House LLC,
Date of publication, distribution, etc. 2019
264 #4 - PRODUCTION, PUBLICATION, DISTRIBUTION, MANUFACTURE, AND COPYRIGHT NOTICE
Date of production, publication, distribution, manufacture, or copyright notice ©2019
300 ## - PHYSICAL DESCRIPTION
Extent xxiii,354p
Other physical details color illustrations ;
Dimensions 25 cm
336 ## - CONTENT TYPE
Content type term text
Content type code txt
Source rdacontent
336 ## - CONTENT TYPE
Content type term still image
Content type code sti
Source rdacontent
337 ## - MEDIA TYPE
Media type term unmediated
Media type code n
Source rdamedia
338 ## - CARRIER TYPE
Carrier type term volume
Carrier type code nc
Source rdacarrier
500 ## - GENERAL NOTE
General note Includes index.
505 0# - FORMATTED CONTENTS NOTE
Formatted contents note Starting at the bottom -- Betting on talent -- Know what you don't know (and trust in what you do) -- Enter Disney -- Second in line -- Good things can happen -- It's about the future -- The power of respect -- Disney-Pixar and a new path to the future -- Marvel and massive risks that make perfect sense -- Star Wars -- If you don't innovate, you die -- No price on integrity -- Core values -- Appendix: Lessons to lead by.
520 ## - SUMMARY, ETC.
Summary, etc. Robert Iger became CEO of The Walt Disney Company in 2005, during a difficult time. Competition was more intense than ever and technology was changing faster than at any time in the company's history. His vision came down to three clear ideas: Recommit to the concept that quality matters, embrace technology instead of fighting it, and think bigger -- think global -- and turn Disney into a stronger brand in international markets. Twelve years later, Disney is the largest, most respected media company in the world, counting Pixar, Marvel, Lucasfilm, and 21st Century Fox among its properties. Its value is nearly five times what it was when Iger took over. Now Iger shares the lessons he's learned while running Disney and leading its 200,000 employees, and he explores the principles that are necessary for true leadership.
600 10 - SUBJECT ADDED ENTRY--PERSONAL NAME
Personal name Iger, Robert.
9 (RLIN) 96569
610 20 - SUBJECT ADDED ENTRY--CORPORATE NAME
Corporate name or jurisdiction name as entry element Walt Disney Company
General subdivision Management.
9 (RLIN) 96570
610 20 - SUBJECT ADDED ENTRY--CORPORATE NAME
Corporate name or jurisdiction name as entry element Walt Disney Company
General subdivision History.
9 (RLIN) 96571
610 20 - SUBJECT ADDED ENTRY--CORPORATE NAME
Corporate name or jurisdiction name as entry element Pixar (Firm)
General subdivision History.
9 (RLIN) 96572
610 27 - SUBJECT ADDED ENTRY--CORPORATE NAME
Corporate name or jurisdiction name as entry element Pixar (Firm)
Source of heading or term fast
Authority record control number or standard number (OCoLC)fst00653335
9 (RLIN) 96573
610 27 - SUBJECT ADDED ENTRY--CORPORATE NAME
Corporate name or jurisdiction name as entry element Walt Disney Company.
Source of heading or term fast
Authority record control number or standard number (OCoLC)fst00622498
9 (RLIN) 96574
650 #0 - SUBJECT ADDED ENTRY--TOPICAL TERM
Topical term or geographic name entry element Leadership.
650 #0 - SUBJECT ADDED ENTRY--TOPICAL TERM
Topical term or geographic name entry element Success in business.
650 #0 - SUBJECT ADDED ENTRY--TOPICAL TERM
Topical term or geographic name entry element Executives
Geographic subdivision United States
Form subdivision Biography.
9 (RLIN) 96575
650 #0 - SUBJECT ADDED ENTRY--TOPICAL TERM
Topical term or geographic name entry element Motion picture studios
Geographic subdivision United States.
9 (RLIN) 96576
650 #7 - SUBJECT ADDED ENTRY--TOPICAL TERM
Topical term or geographic name entry element Success in business.
Source of heading or term fast
Authority record control number or standard number (OCoLC)fst01137062
9 (RLIN) 98516
650 #7 - SUBJECT ADDED ENTRY--TOPICAL TERM
Topical term or geographic name entry element Motion picture studios.
Source of heading or term fast
Authority record control number or standard number (OCoLC)fst01027256
9 (RLIN) 96578
650 #7 - SUBJECT ADDED ENTRY--TOPICAL TERM
Topical term or geographic name entry element Executives.
Source of heading or term fast
Authority record control number or standard number (OCoLC)fst00917875
9 (RLIN) 50897
650 #7 - SUBJECT ADDED ENTRY--TOPICAL TERM
Topical term or geographic name entry element Leadership.
Source of heading or term fast
Authority record control number or standard number (OCoLC)fst00994701
9 (RLIN) 98517
650 #7 - SUBJECT ADDED ENTRY--TOPICAL TERM
Topical term or geographic name entry element Management.
Source of heading or term fast
Authority record control number or standard number (OCoLC)fst01007141
650 #7 - SUBJECT ADDED ENTRY--TOPICAL TERM
Topical term or geographic name entry element Chief executive officers
Form subdivision Biography.
Source of heading or term sears
9 (RLIN) 96580
650 #7 - SUBJECT ADDED ENTRY--TOPICAL TERM
Topical term or geographic name entry element Leadership.
Source of heading or term sears
9 (RLIN) 98517
651 #7 - SUBJECT ADDED ENTRY--GEOGRAPHIC NAME
Geographic name United States.
Source of heading or term fast
Authority record control number or standard number (OCoLC)fst01204155
655 #7 - INDEX TERM--GENRE/FORM
Genre/form data or focus term History.
Source of term fast
Authority record control number (OCoLC)fst01411628
9 (RLIN) 13777
655 #7 - INDEX TERM--GENRE/FORM
Genre/form data or focus term Autobiographies.
Source of term fast
Authority record control number (OCoLC)fst01919894
9 (RLIN) 93795
655 #7 - INDEX TERM--GENRE/FORM
Genre/form data or focus term Biographies.
Source of term fast
Authority record control number (OCoLC)fst01919896
9 (RLIN) 33106
655 #7 - INDEX TERM--GENRE/FORM
Genre/form data or focus term Biographies.
Source of term lcgft
9 (RLIN) 33106
655 #7 - INDEX TERM--GENRE/FORM
Genre/form data or focus term Autobiographies.
Source of term lcgft
9 (RLIN) 93795
906 ## - LOCAL DATA ELEMENT F, LDF (RLIN)
a 7
b cbc
c copycat
d 2
e ncip
f 20
g y-gencatlg
942 ## - ADDED ENTRY ELEMENTS (KOHA)
Source of classification or shelving scheme
Koha item type Lincoln Corner
Holdings
Withdrawn status Lost status Source of classification or shelving scheme Damaged status Not for loan Permanent Location Current Location Shelving location Date acquired Full call number Barcode Date last seen Price effective from Koha item type
          Central Library (CL) Central Library (CL) Lincoln Corner 08/06/2022 658.4092 IGE LC-304 08/06/2022 08/06/2022 Reference
© 2023 Central Library, National University of Sciences and Technology. All Rights Reserved.